| 000 | 00456nam a2200193Ia 4500 | ||
|---|---|---|---|
| 008 | 170918s9999 xx 000 0 und d | ||
| 020 | _a9780545276467 | ||
| 050 | _bL868pa 2012 | ||
| 100 | _aLorentz, Dayna | ||
| 245 | 4 | _aThe pack : | |
| 245 | _bdogs of the drowned city / | ||
| 245 | _cby Dayna Lorentz. | ||
| 260 | _aUSA : | ||
| 260 | _bScholastic, | ||
| 260 | _c2012 | ||
| 300 | _a225 pages : | ||
| 300 | _billustrations ; | ||
| 300 | _c19cm. | ||
| 999 |
_c344005 _d344005 |
||